[Event "ARG-ch sf"]
[Site "Buenos Aires"]
[Date "2001.??.??"]
[Round "8"]
[White "Slipak, Sergio"]
[Black "Nedilsky, Diego"]
[Result "1-0"]
[WhiteElo "2472"]
[BlackElo "2314"]
[PlyCount "71"]
[EventDate "2001.09.10"]
[EventType "swiss"]
[EventRounds "8"]
[EventCountry "ARG"]
[SourceTitle "EXT 2002"]
[Source "ChessBase"]
[SourceDate "2001.11.25"]
[SourceVersion "1"]
[SourceVersionDate "2001.11.25"]
[SourceQuality "1"]

1. d4 f5 2. Bg5 h6 3. Bh4 g5 4. Bg3 Nf6 5. e3 e6 6. Nc3 Bg7 7. f3 d6 8. Nge2 Qe7 9. Qd2 Nbd7 10. 0-0-0 Nb6 11. Kb1 e5 12. Nc1 0-0 13. h4 Bd7 14. hxg5 hxg5 15. dxe5 dxe5 16. e4 f4 17. Bf2 Be6 18. Nb3 Rfd8 19. Bd3 c6 20. Qe2 Nfd7 21. g3 a5 22. gxf4 a4 23. f5 axb3 24. fxe6 bxa2+ 25. Ka1 Nc5 26. Bxc5 Qxc5 27. Rdg1 Qe7 28. Qe3 Rd4 29. Rxg5 Qxe6 30. Rhg1 Qh6 31. Rxg7+ Qxg7 32. Rxg7+ Kxg7 33. Qg5+ Kf7 34. Qxe5 Rb4 35. b3 Nd7 36. Qd6 1-0

[Event "Villa Ballester op 50th"]
[Site "Villa Ballester"]
[Date "2000.??.??"]
[Round "7"]
[White "Nedilsky, Diego"]
[Black "Prieto, Marcelo"]
[Result "1-0"]
[WhiteElo "2311"]
[BlackElo "2090"]
[PlyCount "47"]
[EventDate "2000.??.??"]
[EventType "swiss"]
[EventRounds "9"]
[EventCountry "ARG"]
[SourceTitle "EXT 2001"]
[Source "ChessBase"]
[SourceDate "2000.11.22"]
[SourceVersion "1"]
[SourceVersionDate "2000.11.22"]
[SourceQuality "1"]

1. d4 Nf6 2. c4 g6 3. Nc3 d5 4. Nf3 Bg7 5. e3 0-0 6. Qb3 c6 7. Bd2 dxc4 8. Bxc4 b5 9. Be2 Na6 10. Ne5 Be6 11. Qa3 Nb8 12. 0-0 a5 13. b4 Nd5 14. Nxd5 Bxd5 15. Nd3 Nd7 16. bxa5 e5 17. Bb4 Re8 18. dxe5 Nxe5 19. Nxe5 Bxe5 20. Rad1 Qg5 21. Rxd5 cxd5 22. f4 Qh6 23. fxe5 Rxe5 24. Bc5 1-0

[Event "Villa Ballester op 50th"]
[Site "Villa Ballester"]
[Date "2000.??.??"]
[Round "9"]
[White "Panno, Oscar"]
[Black "Nedilsky, Diego"]
[Result "1-0"]
[WhiteElo "2459"]
[BlackElo "2311"]
[PlyCount "101"]
[EventDate "2000.??.??"]
[EventType "swiss"]
[EventRounds "9"]
[EventCountry "ARG"]
[SourceTitle "EXT 2001"]
[Source "ChessBase"]
[SourceDate "2000.11.22"]
[SourceVersion "1"]
[SourceVersionDate "2000.11.22"]
[SourceQuality "1"]

1. Nf3 g6 2. e4 c5 3. c4 Nc6 4. d4 cxd4 5. Nxd4 Bg7 6. Be3 Nf6 7. Nc3 0-0 8. Be2 d6 9. 0-0 Bd7 10. Qd2 Nxd4 11. Bxd4 Bc6 12. f3 a5 13. b3 Nd7 14. Be3 Nc5 15. Rab1 Qb6 16. Rfc1 Rfc8 17. Bf1 Qb4 18. Qb2 Qb6 19. a3 Bh6 20. Qf2 Bxe3 21. Qxe3 Nd7 22. Kf2 Kf8 23. g3 Qxe3+ 24. Kxe3 e5 25. Bh3 Ke7 26. Rd1 Rc7 27. Bxd7 Rxd7 28. Rb2 b6 29. Rbd2 Rc8 30. f4 f6 31. fxe5 fxe5 32. Rf1 Rf8 33. Rxf8 Kxf8 34. b4 Ke7 35. b5 Ba8 36. Na4 Rb7 37. Rf2 Rb8 38. g4 Bb7 39. Nxb6 Bxe4 40. Kxe4 Rxb6 41. a4 Rb8 42. c5 dxc5 43. Kxe5 Rd8 44. Rb2 Re8 45. Kd5 Kd7 46. Kxc5 Kc7 47. Rd2 Re7 48. Rd5 Kb7 49. b6 Ka6 50. Kc6 Re4 51. b7 1-0